00579nam a2200145Ia 4500008004100000020002600041050002200067245011600089250001100205260008800216300002900304490002800333650002600361700004600387120721s9999 xx 000 0 und d a978-968-607-402-234-6 aLB1025.2 E65 2010 aEpistemología y objeto pedagógicob: ¿Es la pedagogía una ciencia? c/ Carlos Angel Hoyos Medina, coord. a3a ed. aMéxico b: UNAM, Centro de Estudios Sobre la Universidad / Plaza y Valdesc, 2010 a148 páginas c; 22 cm. aColección Educación1 aEDUCACION - FILOSOFIA aHOYOS MEDINA, Carlos Ángel. Coordinador